Представление документа в формате RUSMARC

ПолеНазваниеЗначение
  Тип записи a
  Библиографический уровень m
001 Контрольный номер RU/SLIB/B/208771585
005 Дата корректировки 20201206204304.4
010 Индекс ISBN __
a ISBN 5-93196-498-3
d Цена 351-00
101 Язык документа 0_
a Язык текста rus
c Язык оригинала rus
200 Заглавие и сведения об ответственности 0_
a Заглавие Пособие для изучения Правил технической эксплуатации электрических станций и сетей. Тепломеханическая часть
b Общее обозначение материала Текст
210 Выходные данные __
a Место издания М.
c Издательство НЦ ЭНАС
d Дата издания 2004
215 Физическое описание __
a Объем 413 с.
606 Тематические рубрики __
a Основная рубрика Теплоэнергетика. Теплотехника в целом
a Основная рубрика Электрические системы в целом
a Основная рубрика Энергетика
610 Ключевые слова __
a Ключевые слова техническая эксплуатация; электрические сети; электрические станции; электростанции; электросети; котельное оборудование; котельные установки; теплоэлектростанции; тепловые электростанции; теплосети; тепловые сети
686 Индексы других классификаций __
a Классификационный индекс 31.277
686 Индексы других классификаций __
a Классификационный индекс 31.3
801 Источник записи _0
a Страна RU
b Организация Муниципальное бюджетное учреждение культуры "Централизованная библиотечная система" г. Сургут (Центральная городская библиотека им. А. С. Пушкина)
g Правила каталогизации КиК/Поспелова; КиК/Котельникова
801 Источник записи _1
a Страна RU
b Организация Муниципальное бюджетное учреждение культуры "Централизованная библиотечная система" г. Сургут (Центральная городская библиотека им. А. С. Пушкина)
g Правила каталогизации КиК/Поспелова; КиК/Котельникова
852 Данные о местонахождении __
j Шифр хранения 31.277
c Каталожный индекс 31.277; 31.3
i Авторский знак П 62
p Инвентарный номер 06011433; 06011434; 06011435; 05060864
901 Тип документа __
t Тип документа m
903 Характеристики (МАРС) __
a Дата передачи 20060118; 20050616
990 Данные о заказе (DOS) __
j Количество экземпляров (DOS) 3; 1
t N записи в КСУ для И/У (DOS) 200601; 200506